[Event "New York op"]
[Site "New York"]
[Date "1998.03.20"]
[Round "7"]
[White "Ashley, Maurice"]
[Black "Bologan, Viktor"]
[Result "0-1"]
[WhiteElo "2500"]
[BlackElo "2580"]
[Annotator "Ribli,Z"]
[PlyCount "88"]
[EventDate "1998.03.16"]
[EventType "swiss"]
[EventRounds "9"]
[EventCountry "USA"]
[SourceTitle "CBM 064"]
[Source "ChessBase"]
[SourceDate "1998.06.02"]
[SourceVersion "1"]
[SourceVersionDate "1998.06.02"]
[SourceQuality "1"]

1. e4 c5 2. Nf3 e6 3. d4 cxd4 4. Nxd4 a6 5. Bd3 g6 {Eine auf den ersten Blick
sonderbare Fortsetzung, die aber in der Praxis gut spielbar ist. Schwarz
spielt (noch) nicht ...d7-d6 und möchte mit der Unterstützung des Läufers
sofortiges ...d7-d5 mit Ausgleich realisieren. Ribli.} 6. c4 {Die
Partiefortsetzung bietet Weiß großen Raumvorteil im Zentrum, aber das Feld d4
und die Diagonale a1-h8 sind geschwächt.} (6. O-O Bg7 7. Be3 Nc6 8. Nxc6 (8. c3
{- 17/354}) 8... bxc6 9. Nd2 Ne7 10. c3 Rb8 $1 11. Qc2 $1 O-O 12. Rad1 d6 13.
f4 Qc7 14. Kh1 c5 $1 15. Nf3 Bb7 16. b3 d5 $5 17. e5 a5 18. Qf2 $1 Rfc8 19. Rc1
$1 {+/= Malakhov,V-Landa,K/Russia (ch_m/6) 1997}) 6... Bg7 7. Nb3 (7. Be3 Ne7
8. Nc3 d5 9. cxd5 (9. exd5 exd5 10. O-O O-O 11. Re1 (11. c5 $5) 11... dxc4 12.
Bxc4 Nd7 13. Bg5 Nf6 14. Bb3 h6 15. Bh4 Nf5 16. Nxf5 Bxf5 17. Qf3 Qb6 18. Re7
Rad8 19. Rxb7 Qd4 20. Bg3 Ne4 21. Rd1 Nd2 22. Qc6 Bg4 23. Rc1 Nxb3 24. Rxb3 Be6
25. Rb7 Qd2 26. Rf1 $14 {0-1 Kostenko,I-Eljanov,V/Yalta op 1996 (37)}) 9...
exd5 10. Qa4+ Bd7 11. Qb3 Nbc6 12. Nxc6 Bxc6 13. Bg5 h6 14. Bh4 g5 15. Bg3 dxe4
16. Bxe4 Bxe4 17. Nxe4 Qa5+ 18. Nc3 Nf5 19. O-O O-O 20. Rad1 b5 21. Rd7 Nxg3
22. fxg3 Qb6+ 23. Kh1 Qe6 $13 {0-1 Tazhiev-Eljanov,V/Yalta op 1996 (42)}) 7...
Ne7 (7... Nc6 8. Nc3 Nge7 9. Bg5 $5 h6 10. Bh4 O-O 11. O-O g5 12. Bg3 Ne5 13.
f4 gxf4 14. Bxf4 N7g6 15. Be3 Qc7 16. Rc1 d6 17. Be2 b6 18. Qd2 Kh7 19. Nd4 Bb7
20. b3 Rab8 21. Qe1 Qe7 $13 {1-0 Smirin,I-Oratovsky,M/ISR-chT 1996 (36)}) 8.
O-O (8. Nc3 Nbc6 9. Be2 O-O 10. Bf4 d5 11. exd5 exd5 12. Nxd5 Nxd5 13. cxd5 Nb4
14. Qd2 Nxd5 15. Bg5 Nf6 16. O-O Qxd2 17. Nxd2 h6 18. Bh4 Be6 19. Bf3 Rad8 20.
Nb3 b6 21. Rfd1 Rxd1+ 22. Rxd1 a5 $36 {Zeit 0-1 Wahls,M-Bologan,V/BL9596 1996 
(33)}) 8... O-O (8... Nbc6 {Nach meiner Meinung es ist logischer, zuerst zu
rochieren.} 9. Nc3 d5 10. exd5 exd5 11. cxd5 Nxd5 12. Re1+ Nde7 13. Bg5 O-O 14.
Be4 h6 15. Bf4 Bf5 16. Qf3 Bxe4 17. Rxe4 $14 {In dieser fast symmetrischen
Stellung entfaltet Weiß etwas Initiative.}) 9. Nc3 Nbc6 10. c5 $146 {[%csl Rb6,
Rc8,Rd6] Eine sehr ambitionierte Fortsetzung. Weiß versucht, die Entwicklung
des schwarzen Damenflügels zu verhindern.} (10. Be2 f5 (10... b6 11. Bg5 $5 h6
12. Be3 f5 13. Qd2 Kh7 14. f3 fxe4 15. fxe4 Rxf1+ 16. Rxf1 Ne5 17. Na4 $14 {
Anand,V-Bologan,V/Calcutta/1992/EXP27/}) 11. f3 (11. c5 b6 $5 12. cxb6 Qxb6 13.
Be3 Qd8 14. Qd2 fxe4 15. Nxe4 d5 16. Nec5 Nf5 17. Bg5 Qd6 18. Rac1 h6 19. Bf4
$13 {1-0 Psakhis,L-Oratovsky,M/Tel_Aviv 1993 (40)}) (11. a4 $5 f4 $6 (11... b6
$1) 12. a5 Be5 13. Bd2 Qc7 14. Na4 Rb8 15. c5 $1 f3 16. Bxf3 Bxh2+ 17. Kh1 Be5
18. Bc3 $1 d5 19. exd5 exd5 20. Bxd5+ Kh8 21. Bxc6 Bxc3 22. Qd6 $1 {1-0
Nijboer,F-Bologan,V/Wijk-B 1996 (36)}) 11... f4 12. g3 g5 13. g4 b6 14. Bd2 d6
15. Be1 Ng6 16. Bf2 Qc7 17. Rc1 Nce5 18. Nd4 Rb8 19. Na4 h5 20. h3 hxg4 21.
hxg4 Rf6 22. b4 Bf8 23. Nb3 Qh7 24. Qe1 Qh3 25. Bd4 Nh4 26. Qf2 Rh6 27. Bxe5
dxe5 28. c5 Rb7 {0-1 Stisis,Y-Oratovsky,M/Tel Aviv Cup rapid 1996}) (10. Bf4 d5
11. exd5 (11. cxd5 exd5 12. Qd2 dxe4 13. Bxe4 Qxd2 14. Bxd2 Bf5 15. Bf3 a5 $1
$36 {0-1 Hendriks,W-Nijboer,F/NLD-ch 1996 (19)}) 11... exd5 12. c5 Ne5 13. Re1
N7c6 14. Bf1 Be6 15. Nd4 Nxd4 16. Bxe5 Bxe5 17. Rxe5 Nc6 18. Re1 Qa5 $13 {
1-0 Stisis,Y-Oratovsky,M/Tel Aviv Cup rapid 1996 (23)}) (10. Bg5 h6 11. Bh4 g5
12. Bg3 Ne5 (12... d5 13. cxd5 exd5 14. exd5 $16 {Und 14...Nxd5 geht nicht
wegen 15.Nxd5 Qxd5 16.Bh7 mit Damengewinn.}) 13. Re1 N7g6 14. Bf1 b6 15. a4 d6
{1/2-1/2 Kudrin,S-Oratovsky,M/Cappelle op 1996}) 10... d5 (10... d6) 11. Qe2 (
11. cxd6 Qxd6 $11 {[%csl Gg7][%cal Gg7a1]}) (11. Na4 {[%cal Ga4b6]} dxe4 (11...
Qc7 $5 12. Nb6 Rb8 {Schwarz fürchtet 13.Nxc8 nicht, denn der Damenläufer ist
gewönlich ein "schlechter" Läufer mit Entwicklungsproblemen.}) 12. Bxe4 Nd5 13.
Bxd5 exd5 14. Nb6 Rb8 15. Nxd5) 11... dxe4 (11... d4 $6 {Nach diesem Zug hat
Schwarz kein Spiel im Zentrum.} 12. Na4) 12. Bxe4 (12. Nxe4 Nf5 $13 {[%csl Yd4]
}) 12... e5 $13 {Weiss hat Raumvorteil und im Lager des Nachziehenden sind die
Felder d6 und d5 schwach, aber mit gut vorbereitetem ...f7-f5 und folgendem ...
e5-e4 entwickelt Schwarz ausgezeichnetes Gegenspiel.} 13. Bg5 f6 14. Rad1 {
[%cal Rd1d8]} Qc7 15. Nd5 {mit Tempogewinn} (15. Be3 Be6 $11) 15... Nxd5 16.
Bxd5+ Kh8 17. Bd2 a5 $1 {Schwarz muß aktiv spielen und seine Drohung 18...a4
macht die Springeraufstellung auf b3 unsicher.} 18. a4 Bd7 19. Qe1 {Mit diesem
Zug kann Weiß endlich einen Bauern gewinnen, aber Schwarz erlangt aktives
Figurenspiel.} (19. f4 Ne7 $13 (19... exf4 20. Bxf4 $14 {[%csl Rd6]})) (19. Bc3
Nb4 $15 {[%cal Rd7a4]}) 19... Bf5 {[%csl Rb3,Rf1][%cal Rf5d3,Rd3c2]} 20. Bxc6
Qxc6 21. Nxa5 Qxa4 {Schwarz hat einen Minusbauern, aber sein Gegenspiel über
die weißen Felder wird gefährlich.} 22. Ra1 (22. Nxb7 Bd3 $17 {[%cal Rd3f1]})
22... Qb5 23. Qc1 {[%csl Gb5,Gf5] Weiß verteidigt sich gegen 23...Bd3 und
behauptet den Bauern c5.} Be6 $44 24. b4 Rad8 {[%csl Ra5,Gb5,Gd8] Für den
Bauern hat Schwarz das Läuferpaar und starkes Figurenspiel. Der weiße
Randspringer a5 ist zwar gedeckt, hat aber keine Bewegungsfreiheit.} 25. Bc3 $6
(25. Rb1 Rd3 26. Bh6 $5) 25... Rd3 {[%csl Ra5]} 26. Qb2 Rfd8 {[%csl Gd3,Gd8]}
27. Rfe1 (27. f4 $5 h5 28. fxe5 f5 $44) 27... h5 $1 {Ein origineller Plan.
Schwarz verteidigt sich nicht gegen 28.f4, sondern gibt für positionellen
Druck einen zweiten Bauern.} 28. f4 h4 29. fxe5 f5 {Weiß hat bereits zwei
Bauern mehr, aber die d-Linie sowie seine Herrschaft über die weißen Felder
gewährleisten dem Schwarzen ausreichende Kompensation.} 30. Qf2 (30. Qc2 {
Mit der Idee 31.Rad1 und möglichem Tausch scheint mir besser als der Textzug
zu sein.}) 30... h3 31. Rac1 Kg8 32. Rc2 R8d7 {Schwarz verteidigt den Bauern
auf b7 und entlastet so die Dame. Außerdem ist 33.Rd2 verhindert, denn jetzt
geht 33...Rxc3, weil der schwarze Turm in der d-Linie nicht mehr hängt.} 33.
Ba1 $2 {Weiß verliert die Geduld und gibt den b-Bauern auf.} (33. gxh3 Rxh3 $44
) (33. Rcc1 Rxc3 34. Rxc3 Qxb4 {[%cal Rb4c3,Rb4a5]} 35. c6 Qxc3 (35... Rc7 36.
Qc5 (36. cxb7 Rxc3 $19) 36... Qxc5+ 37. Rxc5 b6) 36. cxd7 Qxa5 37. Rd1 Qd8)
33... Qxb4 34. c6 bxc6 35. Nxc6 Qa4 $15 {[%csl Ra1,Rc2,Rc6][%cal Gd7d1] Das
Material ist reduziert, aber dank seiner Aktivität bieten sich dem Schwarzen
die besseren Chancen.} 36. Nb8 Rb7 37. Nc6 Bd5 {Mit Zugwiederholung ist
Schwarz natürlich nicht zufrieden.} 38. Nd4 (38. e6 $2 Bxc6 39. e7 Be8) 38...
Rb8 39. Nf3 hxg2 $17 {[%csl Rf3,Rg1]} 40. Rc3 Rd1 {[%csl Ra1]} 41. Rc1 Rxc1 42.
Rxc1 Qf4 $19 {[%csl Rc1,Rf3][%cal Rf4c1,Rf4f3] Weiß findet keine Verteidigung,
denn seine Figurenkoordination ist zu schlecht.} 43. Nd2 Qxf2+ 44. Kxf2 Bh6 {
[%cal Rh6c1] Weiß steht den vielfältigen schwarzen Drohungen ratlos gegenüber
und gibt auf.} (44... Bh6 45. Bc3 (45. Ke2 Bf4 $19 {[%csl Gg2][%cal Rf4h2]}) (
45. Rd1 Bxd2 46. Rxd2 Rb1 $19 {[%cal Rb1a1,Rg2g1]}) 45... Rc8 $19 {[%cal Rc8c3,
Gh6c1]}) 0-1

[Event "Linares Anibal op 07th"]
[Site "Linares"]
[Date "2000.01.14"]
[Round "8"]
[White "Dolmatov, Sergey"]
[Black "Iordachescu, Viorel"]
[Result "1-0"]
[WhiteElo "2600"]
[BlackElo "2553"]
[Annotator "Ribli,Z"]
[PlyCount "85"]
[EventDate "2000.01.07"]
[EventType "swiss"]
[EventRounds "10"]
[EventCountry "ESP"]
[SourceTitle "CBM 075"]
[Source "ChessBase"]
[SourceDate "2000.04.05"]
[SourceVersion "1"]
[SourceVersionDate "2000.04.05"]
[SourceQuality "1"]

1. e4 c5 2. Nf3 e6 3. d4 cxd4 4. Nxd4 a6 5. Bd3 g6 {Der moldawische
Großmeister spielt sehr gern diese Nebenvariante. Die Hauptidee von Schwarz
ist, nach Bg7 nach Möglichkeit d7-d5 zu ziehen und das Spiel auszugleichen.} 6.
c4 {Das ist die prinzipielle Antwort von Weiß, aber der Plan 6.Nc3-Be3-Qd2 ist
auch spielbar.} Bg7 7. Ne2 {Natürlich möchte Dolmatov nicht seine Partie gegen
Kotsur wiederholen. (siehe - 7.Nb3 Dolmatov,S - Kotsur,P Las Vegas 1999.)} (7.
Be3 d5 8. exd5 exd5 9. O-O (9. Nc3 Nf6 10. cxd5 Nxd5 11. Nxd5 Qxd5 12. O-O O-O
13. Be2 Nd7 14. Qa4 Ne5 15. Rfd1 b5 16. Qb3 Qxb3 17. axb3 Bb7 {0-1 Nevostrujev,
V-Landa,K/Elista 1996/CBM 56 (53)}) 9... Nf6 10. h3 O-O 11. Nc3 Nbd7 12. cxd5
Nb6 13. Nf3 $6 Nbxd5 14. Nxd5 Nxd5 15. Bg5 Qa5 16. Qb3 Be6 {Milu,R-Iordachescu,
V/Bucuresti 75/161 1999/Inf 75/[Iordachescu,V] (23)}) (7. Nc2 Ne7 8. Nc3 Nbc6
9. O-O O-O 10. Bf4 d5 $5 11. exd5 exd5 12. c5 b6 13. cxb6 Qxb6 14. Na4 Qa5 15.
Ne3 Ne5 16. Bc2 d4 17. Bxe5 Qxe5 18. Nc4 Qg5 19. Nab6 Bb7 20. f3 Rad8 21. Bd3
Nf5 $17 {Rodriguez,A-Ionescu,C/Moscow (ol) 1994/Inf 62 (21)}) (7. Nb3 Ne7 8.
Nc3 O-O 9. O-O Nbc6 10. Bf4 d5 11. cxd5 exd5 12. Qe2 d4 $13 13. Nb1 Nb4 {
0-1 Dolmatov,S-Kotsur,P/Las Vegas 1999/CBM 72/[Ribli] (31)}) 7... d5 {Dieser
Zug ist konsequent, aber der Aufbau mit d6 ist auch möglich.} (7... Nc6 8. O-O
Nge7 9. Nbc3 O-O 10. Bg5 h6 11. Bh4 d6 12. f4 $1 $14 {Amonatov,F-Nijboer,F/
Elista (ol) 73/205 1998/}) (7... Nf6 8. O-O O-O 9. Nbc3 d6 $5 (9... Nc6 10. Bg5
(10. Bf4 d5 11. exd5 exd5 12. c5 Re8 13. Na4 Be6 14. a3 Nd7 15. Rc1 Rc8 16. b4
Nde5 17. Nb6 Rc7 18. Nc3 Rce7 19. Bb1 d4 20. Ne4 h6 {0-1 Kagan,S-Lobron,E/
Randers 1982/MCL (41)}) 10... h6 11. Bh4 d6 12. f4 g5 $6 (12... Qb6+ $6 13. Bf2
Qxb2 14. Rb1 Qa3 15. Bb6 $16) (12... Qa5 $14) 13. fxg5 Ng4 14. Qd2 Nce5 15.
Rad1 $1 {Amonatov,F-Bologan,V/Dushanbe 73/(205) 1998/}) 10. b3 Nbd7 11. a4 b6
12. Ba3 Qc7 13. Rc1 Bb7 14. Bb1 Nc5 15. Ng3 Rad8 16. b4 Ncd7 17. Qe2 Rc8 18.
Ba2 Ne5 19. Nb1 Nfd7 {0-1 Matthias,H-Hoffmann,M/Lippstadt 1993/EXT 98 (33)}) (
7... d6 $5 8. O-O Nd7 9. Nbc3 Ngf6 10. f3 O-O 11. Be3 b6 12. Qd2 Ne5 13. Rad1
Qc7 14. b3 Rd8 15. Bb1 Rb8 16. h3 b5 17. cxb5 axb5 18. f4 Nc6 19. f5 b4 20. Na4
d5 21. fxg6 hxg6 22. Qc1 Ba6 23. Rf2 Nxe4 24. Bxe4 dxe4 25. Nd4 Rbc8 {0-1
Uskova,F-Tamin,U/Yerevan 1996/EXT 97 (42)}) 8. cxd5 exd5 9. exd5 Qxd5 10. O-O {
Die Bauernstruktur ist symmetrisch, aber Weiß hat Entwicklungsvorteil. Die
schwarze Dame steht nicht gut auf d5.} Qd8 11. Nbc3 Nf6 (11... Nc6 $5 12. Re1
Nge7) 12. Qa4+ $1 Nbd7 (12... Nc6 13. Rd1 $14) (12... Bd7 $6 13. Qb4 $36) 13.
Rd1 O-O 14. Be3 $14 {Weiß hat das bessere Figurenspiel, Schwarz sieht sich bei
der Koordination seiner Figuren vor Problemen.} Ne5 (14... Re8 15. Bc2 $14) 15.
Bc2 Bd7 16. Qh4 Rc8 (16... Nfg4 17. Bg5 (17. Qxd8 Raxd8 18. Bb6 $14) 17... Bf6
(17... f6 18. Bf4 f5 19. Bb3+ Kh8 20. Qxd8 Raxd8 21. h3 Nh6 22. Bg5 $18) 18.
Bxf6 Qxf6 19. Qg3 $16) 17. Bb3 {[%csl Gb3] Der Bb3 steht sehr gut und
kontrolliert wichtige Felder.} b5 18. Bg5 {Weiß hat ausgezeichnetes
Figurenspiel - die schwarze Dame ist gefesselt.} (18. Rd6 Nc4 $132) 18... Qb6 (
18... Re8 19. Ne4 Neg4 20. N2c3 $16) 19. Nf4 $16 {[%csl Yd5][%mdl 2048] 20.
Nfd5 ist eine starke und vielseitige Drohung.} h6 {Schwarz opfert zeitweilig
einen Bauern und möchte die Stellung vereinfachen. Aber dieser Zug wehrt nicht
die weiße Hauptdrohung ab.} (19... Bg4 20. Ncd5 $18) 20. Bxh6 $6 (20. Ncd5 $1
Nxd5 (20... Ne4 21. Bxh6 Qxf2+ 22. Qxf2 Nxf2 23. Ne7+ Kh7 24. Bxg7 $18) (20...
hxg5 21. Ne7#) 21. Nxd5 $18) 20... Bxh6 21. Qxh6 Qxf2+ (21... Nfg4 22. Qh4 $18)
22. Kxf2 Neg4+ {[%cal Rg4h6,Rg4f2]} 23. Kg1 Nxh6 24. Nxg6 {Endlich hat Weiß
einen Bauern gewonnen, seine Stellung ist aktiv.} Rfe8 25. Nf4 {Es drohen 26.
Rd6 und 26.Ncd5.} Nhg4 26. Ncd5 Nxd5 27. Rxd5 (27. Nxd5 $16) 27... Ne5 (27...
Rc7 28. Rd6 $18 {[%cal Rd6a6,Rf4d5,Rd5c7]}) 28. Nd3 $1 {Präzise wie gewohnt
behandelt Dolmatov das Endspiel.} (28. Nh5 $16) 28... Nxd3 29. Rxd7 Ne5 30. Ra7
{[%csl Ra6,Ga7,Gb3,Rf7][%cal Ra1f1,Rf1f7] Weiß hat nicht nur einen Bauern mehr,
sondern die viel bessere Figurenstellung - die Bauern a6 und f7 sind schwach.}
Rc6 31. Rf1 Rd8 {Schwarz sucht Gegenspiel - was verständlich ist - aber
vielleicht wäre die passive Verteidigung zäher.} (31... Rf8 $16) 32. h3 Rd2 33.
Bxf7+ Nxf7 34. Rfxf7 Rcc2 (34... Rxb2 35. Rfb7 Rc8 36. Rxa6 $18) 35. Rg7+ Kf8
36. Rg5 $1 {Weiß spielt schon gegen den Pb5. Und das ist richtig so, der Pa6
ist nicht zu verteidigen, deshalb ist der nächste Zielpunkt der Pb5.} Rxb2 37.
Rxa6 $18 {Mit zwei Bauern mehr steht Weiß auf Gewinn.} Ke7 (37... Rxa2 38. Rxa2
Rxa2 39. Rxb5 $18) 38. Kh2 b4 39. Rg7+ Kf8 40. Rg4 Kf7 41. h4 {Die zwei
verbundenen Freibauern entscheiden die Partie.} Rdc2 42. Rb6 Rd2 43. Kh3 {
[%mdl 2] Mit diesem Zug vermeidet Weiß Motive mit Rxg2+ (im Falle von 43.Rbxb4)
. Schwarz hat zwei Bauern weniger, ohne Gegenspiel, deshalb gab er auf. Diese
Partie war sehr wichtig in Linares open, denn Weiß hatte vor der Partie 6,5
Punkten aus 7. Insofern war dieser Sieg eine wichtige Station für Dolmatov,
der das Turnier am Ende zusammen mit dem ungarischen Großmeister Portisch
gewann.} (43. Rbxb4 Rxg2+ 44. Rxg2 Rxb4 45. Kg3 Ra4 $16) 1-0

[Event "Bundesliga 9900"]
[Site "Germany"]
[Date "2000.03.12"]
[Round "12.3"]
[White "Wahls, Matthias"]
[Black "Maiwald, Jens Uwe"]
[Result "0-1"]
[WhiteElo "2579"]
[BlackElo "2524"]
[Annotator "Ribli,Z"]
[PlyCount "70"]
[EventDate "1999.10.09"]
[EventType "team-tourn"]
[EventRounds "15"]
[EventCountry "GER"]
[SourceTitle "CBM 076"]
[Source "ChessBase"]
[SourceDate "2000.05.31"]
[SourceVersion "1"]
[SourceVersionDate "2000.05.31"]
[SourceQuality "1"]
[WhiteTeam "Hamburger SK"]
[BlackTeam "Dresden"]
[WhiteTeamCountry "GER"]
[BlackTeamCountry "GER"]

1. e4 c5 2. Nf3 e6 3. d4 cxd4 4. Nxd4 a6 5. Bd3 g6 {Diese Variante ist in
letzter Zeit wieder populär. Die Strategie von Schwarz ist einfach - er möchte
nach 6...Bg7 und danach d7-d5 ziehen. Der Nachteil dieses Systems ist, dass
Schwarz die Entwicklung etwas vernachlässigt und Schwächen auf dn schwarzen
Feldern in Kauf nimmt.} 6. c4 (6. O-O Bg7 7. Nf3 d6 8. c4 Nf6 9. Nc3 O-O 10. h3
Nfd7 11. Bg5 Qc7 12. Rc1 Nc6 13. Qe2 Nde5 14. Rfd1 h6 15. Be3 Bd7 16. Nd2 Nxd3
17. Qxd3 Ne5 18. Qe2 Rac8 19. b3 Qb8 20. f4 Nc6 21. Nf3 {1-0 Yasseen,A-Sax,G/
Cairo 1998/EXT 99 (43)}) 6... Bg7 7. Nf3 $6 {Dieser Springerzug gefällt mir
nicht. Es ist zwar richtig, dass Weiß bei einer anderen Zugfolge (nach 5.Bd3
Nf6 6.0-0 Qc7 7.Qe2 d6 8.c4 g6 9.Nc3 Bg7 10.Rd1 0-0) mit Nf3 fortsetzt (mit
der Idee h3 und Bf4), aber die alternativen Springerzüge sind logischer.} (7.
Ne2 d5 8. cxd5 exd5 9. exd5 Qxd5 10. O-O Nf6 11. Nbc3 Qd8 12. Qa4+ Nbd7 13. Be3
O-O 14. Rad1 $14) (7. Nb3 $5) 7... Nc6 (7... Ne7 8. O-O O-O 9. Nc3 Nbc6 10. Bg5
h6 11. Bh4 d6 12. Be2 f5 13. exf5 g5 14. Bg3 Nxf5 15. Bd3 d5 16. Bxf5 Rxf5 17.
cxd5 exd5 18. Re1 d4 19. Qb3+ Kh8 20. Rad1 {1/2-1/2 Varga,Z-Rogic,D/Pula 1999/
EXT 2000 (43)}) 8. O-O Qc7 (8... d6 9. Re1 Nge7 10. Bf1 O-O 11. Nc3 Qc7 12. Bf4
Ne5 13. Nd2 Bd7 14. Rc1 Rae8 15. Be3 f5 16. f3 f4 17. Bf2 g5 18. b4 b6 {
0-1 Belotti,B-Forintos,G/Amantea 1992/EXT 2000 (56)}) (8... Nge7) 9. Nc3 Nf6
10. h3 {Weiß möchte anschließend Be3 ziehen und sichert sich gegen Ng4 ab.} O-O
(10... d6 11. Be3 Nd7 12. Rc1 O-O 13. Qd2 Nde5 14. Be2 Nxf3+ 15. Bxf3 Ne5 16.
Be2 Bd7 17. b3 Bc6 18. Rfd1 Qa5 19. Bd4 f5 20. exf5 gxf5 21. b4 Qd8 22. f4 Nf7
23. b5 axb5 24. cxb5 Bd7 25. a4 Rc8 26. Bf3 Rc4 27. Bxg7 Kxg7 28. Kh2 b6 29.
Qe3 Qf6 30. Be2 {1/2-1/2 Luther,T-Lau,R/Germany 1994/GER-chT (30)}) 11. Be2 $6
{Das ist ein schwer verständlicher Zug - vielleicht hatte Weiß Angst vor 11...
d5 oder er möchte seinerseits auf der d-Linie spielen. Es ist zwar richtig,
dass Schwarz positionelle Schwächen hat, aber bis hierher spielte Schwarz nur
nützliche Entwicklungszüge, während Weiß mit 2.Nf3-4.Nxd4-7.Nf3 und 5.Bd3-11.
Be2 sowie dem Wartezug 10.h3 viel Zeit verlor.} (11. Bg5) (11. Be3) 11... b6
$11 12. Be3 d6 13. Rc1 {[%cal Gc1c7] Droht das bekannte zeitweilige Opfer mit
14.Nd5 exd5 cxd5, nach dem Weiß großen positionellen Vorteil bekommt.} Nd7 14.
Qd2 {[%cal Gf1d1,Gd1d6]} (14. Nd5 $6 {Da der Pb6 jetzt verteidigt ist, stellt
dieser Springerzug ein "passives Opfer" dar (d.h. der Gegner ist nicht zur
Annahme des Opfers gezwungen).} Qb8) 14... Nc5 15. Rfd1 $2 {[%mdl 8192] Opfer
oder Versehen? Durch den Textzug veliert (opfert) Weiß den wichtigen
Zentrumsbauern Pe4. Zwar wird Schwarz durch den Abtausch des Läufers auf den
schwarzen Feldern weiter geschwächt, doch diese Schwächung stellt keine echte
Kompensation für Weiß dar.} (15. Bh6 Bb7 $11 {Schwarz hat normale Igelstellung.
Weiss kontrolliert mehr Raum,der d6P ist ein wenig schwach, aber "dank" seinem
7.Nf3 Zug Weiss kann nicht f3, oder f4 ziehen.} (15... Bxc3 $2 16. Qxc3 Nxe4
17. Qe3 $18 {[%cal Re3e4,Rh6f8]})) 15... Bxc3 $1 16. Qxc3 Nxe4 $15 17. Qd3 (17.
Qb3 Nc5 $15) 17... f5 {[%csl Ge4]} 18. Bh6 (18. Ng5 Ne5 $15) 18... Re8 19. Nd2
$6 (19. Ng5 Ne5 $15) 19... Nc5 20. Qc3 e5 {[%csl Yd4][%cal Gc6d4,Gc5e6,Ge6d4]
Schwarz befestigt seine Kontrolle über das Feld d4 und bereitet das
Springermanöver Nc5-e6 vor. Der Punkt d5 ist geschwächt, aber das hat keine
Bedeutung, weil der weiße Springer sehr weit vom Feld d5 entfernt ist.} 21. b4
(21. Bf3 Nd4 $17) (21. Be3 Bb7 $17) 21... Nd4 $1 {[%csl Gd4][%cal Rd4e2,Re2g1,
Re2c3]} 22. Bf1 Nce6 23. Be3 Bb7 $17 {Schwarz hat nicht nur einen Bauern mehr,
sondern auch einen guten Springer auf d4. Weiß hat im Prinzip keine Aussichten
auf aktives Gegenspiel.} 24. f3 a5 25. a3 (25. b5 Rac8 $17) 25... axb4 26. axb4
Qg7 27. Kh1 $6 (27. Ra1 g5 $17) 27... g5 {[%cal Rg5g4] Schwarz beginnt den
direkten Angriff am Königsflügel. Gegen die Drohung g5-g4 hat Weiß keine
Verteidigung.} 28. Ra1 g4 {[%csl Rh1][%cal Gb7h1][%mdl 128]} 29. fxg4 fxg4 30.
Bf2 {[%cal Gc3h3] Auf 30...gxh3 möchte Weiß mit 31.Qxh3 antworten.} Rf8 $1 {
[%cal Rf8f1]} 31. Rxa8 Bxa8 32. Bxd4 (32. Bg1 Nf4 $19) 32... Nxd4 33. Kh2 (33.
Qg3 Nf5 34. Qxg4 Qxg4 35. hxg4 Ne3 36. Re1 Nxg4 $17) 33... h5 {Schwarz hat
entscheidenden Angriff am Königsflügel, u.a. droht 34...h4.} (33... gxh3 34.
Qxh3 e4 $19 {[%csl Ge4]}) 34. c5 {Es ist psychologisch verständlich, dass Weiß
etwas Gegenspiel erreichen möchte, aber dieser Zug verliert einen (weiteren)
Bauern.} bxc5 $19 35. bxc5 dxc5 {In dieser hoffnungslosen Stellung gab Weiß
auf. Wegen der Mattmotive auf g2 kann Weiß nicht auf c5 nehmen.} (35... dxc5
36. Qxc5 gxh3 $19) 0-1